Music Quiz

Random Music or Song Quiz

Is That the Opening Lyric? Quiz Stats

 Plays Quiz Updated Aug 10, 2015

Also try: Opening Lyrics
Challenge
Share
Tweet
Embed
Score 0/24 Timer 04:00
1 Play Today
Song - Artist First Lyric? Y/N % Correct
Hey Jude - Beatles???
95.3%
Stay With Me - Sam Smith???
84.8%
Sweet Home Alabama - Lynyrd Skynyrd???
83.8%
(Everything I Do) I Do It for You - Bryan Adams???
82.6%
Hey There Delilah - Plain White T's ???
82.1%
Shake It Off - Taylor Swift ???
78.8%
Roxanne - The Police ???
78.4%
Little Red Corvette - Prince???
77.7%
Try a Little Tenderness - Otis Redding ???
77%
Every Rose Has Its Thorn - Poison???
73.5%
We Built This City - Starship???
71.3%
Gypsys, Tramps & Thieves - Cher???
68%
Song - Artist First Lyric? Y/N % Correct
Desperado - Eagles???
63%
Holiday - Madonna???
62.7%
Dear Future Husband - Meghan Trainor???
61.9%
London Calling - The Clash???
60.4%
Atomic - Blondie???
57.8%
Hello Again - Neil Diamond ???
53.3%
Do You Know the Way to San José - Dionne Warwick???
51.6%
Back in Black - AC/DC???
45.4%
Shiny Happy People - R.E.M.???
44.7%
Hello - Lionel Richie ???
27.6%
Across the Lines - Tracy Chapman ???
25.2%
A Spaceman Came Travelling - Chris de Burgh???
23%

You're not logged in!

Compare scores with friends on all Sporcle quizzes.
Join for Free
OR
Log In

You Might Also Like...

Show Comments

Extras

Top Quizzes Today


Score Distribution

Your Account Isn't Verified!

In order to create a playlist on Sporcle, you need to verify the email address you used during registration. Go to your Sporcle Settings to finish the process.

Report this User

Report this user for behavior that violates our Community Guidelines.

Details: